Moderný manažment alergickej nádchy a prieduškovej astmy

Bibliographic Details
Main Author: Hrubiško, Martin (Author)
Format: Article
Language:Slovak
ISSN:0014-8172
Subjects:

MARC

LEADER 00000nab a2200000 a 4500
001 vtls000770364
003 SK-MaSNL
005 20260304214804.0
008 250429c2001 xo 0 slo
015 |a SNBRB2001/10-28827 
035 |a CLN000122151 
035 |a urn:nbn:sk:snk-ab1puc 
035 |a (urnnbn)urn:nbn:sk:snk:ar-004xjd 
035 |a (uuid)0ddb4469-9835-4eb0-8eab-cb3401d5792d 
040 |a SNKBUCL  |b slo  |c SNKBUCL  |e AACR2 
041 0 |a slo 
044 |a xo  |c SK 
080 |a 616.2-002-085  |2 1997 
080 |a 616.248-085  |2 1997 
100 1 |a Hrubiško, Martin  |4 aut  |9 196523 
245 1 0 |a Moderný manažment alergickej nádchy a prieduškovej astmy  |c M. Hrubiško 
650 0 7 |a alergická nádcha  |2 SNKPH  |9 29465 
650 0 7 |a terapia  |2 SNKPH  |9 781 
650 0 7 |a bronchiálna astma  |2 SNK  |9 837269 
655 7 |a články z novín a časopisov  |2 SNK  |9 267496 
773 0 |t Farmaceutický obzor  |g Roč. 70, č. 9 (2001), s. 239-240  |x 0014-8172 
850 |a Slovenská národná knižnica 
852 |a Slovenská národná knižnica 
954 |a odborná, vedecká literatúra pôvodná (slovenská)  |2 lita 
958 |a article27 
958 |a OND 
958 |a MI 
958 |a EUIPO 
992 |a RBX 
999 |c 3143260  |d 3145190